| 000 | 00708cam a2200229 a 4500 | ||
|---|---|---|---|
| 999 |
_c1955 _d1955 |
||
| 001 | 4611 | ||
| 003 | BD-DhUAP | ||
| 005 | 20200218122001.0 | ||
| 008 | 200218s2000 bg a 000 0 eng | ||
| 020 | _a9847560048 | ||
| 040 |
_aDLC _cDLC _dBD-DhUAP _bEng |
||
| 082 | 0 | 0 |
_a363.7392095 AIR _223 |
| 245 | 0 | 0 |
_aAir pollution in Asian cities / _ceditor, Quamrul Islam Chowdhury. |
| 250 | _a1st ed. | ||
| 260 |
_aDhaka : _bForum of Environmental Journalists of Bangladesh, _cc2000. |
||
| 300 |
_avii, 156 pages : _billustrations ; _c22 cm. |
||
| 650 | 0 |
_aAir _xPollution _zAsia. |
|
| 650 | 0 |
_aMetropolitan areas _zAsia. |
|
| 650 | 0 |
_aUrban pollution _zAsia. |
|
| 700 | 1 | _aChowdhury, Quamrul Islam. | |
| 942 |
_2ddc _cBK |
||